000 00539nam a2200217Ia 4500
003 OSt
005 20220924133636.0
006 a|||||r|||| 00| 0
007 ta
008 220923b |||||||| |||| 00| 0 snd d
024 _a267671
037 _cTextual
040 _aARTS
_cARTS
_bsnd
041 _2snd
_asnd
082 _aDelta2y7M63, 1593K5
100 _aRolland
_9206988
245 0 _aSwami Vivekanand
260 _c1965
942 _hDelta2y7M63, 1593K5
_cTEXL
_2CC
999 _c434564
_d434564